Statistics for Monarchs and their Descendants - Netherlands

Click here to take the quiz!

General Stats

  • This quiz has been taken 53 times
  • The average score is 4 of 5

Answer Stats

HintAnswer% Correct
MonarchKing Willem-Alexander of the Netherlands
100%
ChildrenCatharina-Amalia, Princess of Orange
94%
SpouseQueen Máxima of the Netherlands
92%
ChildrenPrincess Alexia of the Netherlands
81%
ChildrenPrincess Ariane of the Netherlands
72%

Score Distribution

Percentile by Number Answered

Percent of People with Each Score

Your Score History

You have not taken this quiz